Programa de computadora para síntesis cinemática de mecanismos planos de cuatro barras
Gardado en:
| Autor Principal: | |
|---|---|
| Formato: | Libro |
| Publicado: |
San José, C.R.
1997
|
| Materias: | |
| Etiquetas: |
Engadir etiqueta
Sen Etiquetas, Sexa o primeiro en etiquetar este rexistro!
|
MARC
| LEADER | 00000nam a2200000Ia 4500 | ||
|---|---|---|---|
| 003 | 008293 | ||
| 005 | 20221231144228.0 | ||
| 008 | 140114s1997 cr a m 000 ||s d | ||
| 040 | |c cru CEDI | ||
| 090 | |a TFG 3724 | ||
| 100 | |a Pacheco Rodríguez, Rodney |9 9309 | ||
| 245 | |a Programa de computadora para síntesis cinemática de mecanismos planos de cuatro barras | ||
| 260 | |c 1997 |a San José, C.R. | ||
| 300 | |a 197, 42 hojas : ilustraciones | ||
| 500 | |a Práctica de graduación (licenciatura en ingeniería mecánica)--Universidad de Costa Rica. Facultad de Ingeniería. Escuela de Ingeniería Mecánica | ||
| 650 | |x CINEMATICA DE LAS MAQUINAS - PROGRAMAS PARA COMPUTADORA |x DISEÑO DE COMPUTADORAS - PROGRAMAS PARA COMPUTADORA |9 9310 | ||
| 942 | |c TFG | ||
| 999 | |c 18757 |d 18757 | ||
